| 000 | 00623nam a22001937a 4500 | ||
|---|---|---|---|
| 005 | 20161206103607.0 | ||
| 010 | _aENG-116335 | ||
| 020 |
_a9789350099063 _c450.00 |
||
| 035 | _aEN-99867 | ||
| 037 | _bDBAD/PUB | ||
| 082 | _a641.815 | ||
| 100 | _aKoranne,Saee | ||
| 245 |
_aCrumbs bread stories and recipes for the Indian kitchen / _cby Saee Koranne [and] Khandekar |
||
| 260 |
_aGurgaon _bHachette Book Publishing _c2016 |
||
| 270 |
_a4th/5th Floor, Corporete Center,Sector 44 _bGugaon _e122003 |
||
| 300 |
_axvi,256p. : _bill _c20cm.(pbk) |
||
| 700 | _aKhandekar | ||
| 942 |
_2ddc _cEN _h641.815 _mKOR |
||
| 999 |
_c104341 _d104341 |
||